[Event "Montevideo Duchamp Cup 6th"]
[Site "Montevideo"]
[Date "2023.02.09"]
[Round "7"]
[White "Bon, Charles"]
[Black "Rodriguez Rearden, Jorge"]
[Result "1-0"]
[WhiteElo "1547"]
[BlackElo "1083"]
[PlyCount "77"]
[EventDate "2023.02.03"]
[EventType "swiss"]
[EventRounds "9"]
[EventCountry "URU"]
[SourceTitle "CBM 212 Extra"]
[Source "ChessBase"]
[SourceDate "2023.03.31"]
[SourceVersion "1"]
[SourceVersionDate "2023.03.31"]
[SourceQuality "1"]

1. e4 e5 2. Nf3 Nc6 3. Bb5 a6 4. Ba4 Nf6 5. 0-0 b5 6. Bb3 Be7 7. Re1 d6 8. c3 0-0 9. h3 Nb8 10. d4 Nbd7 11. Nbd2 Bb7 12. Bc2 Re8 13. Nf1 Bf8 14. Ng3 g6 15. Bg5 h6 16. Bd2 Bg7 17. a4 Qe7 18. Qe2 c6 19. a5 Qd8 20. Nh2 Bc8 21. Nf3 Nf8 22. Bb3 N6h7 23. Qd1 Ne6 24. dxe5 dxe5 25. Qc1 Nf4 26. Bxf4 exf4 27. Qxf4 Be6 28. Bxe6 Rxe6 29. Red1 Qe7 30. Nd4 Rd6 31. Rd2 Bf6 32. Ndf5 gxf5 33. Qxd6 Qxd6 34. Rxd6 fxe4 35. Nxe4 Bg7 36. Rxc6 Ng5 37. Nxg5 hxg5 38. Rd1 Bf8 39. Rd7 1-0

[Event "Montevideo Miercoles Trebejos 2nd"]
[Site "Montevideo"]
[Date "2022.07.20"]
[Round "1"]
[White "Bon, Charles"]
[Black "Cuello Toledo, Guzman"]
[Result "0-1"]
[WhiteElo "1579"]
[BlackElo "1858"]
[PlyCount "86"]
[EventDate "2022.07.20"]
[EventType "swiss"]
[EventRounds "6"]
[EventCountry "URU"]
[SourceTitle "EXT 2024"]
[Source "ChessBase"]
[SourceDate "2023.10.10"]
[SourceVersion "1"]
[SourceVersionDate "2023.10.10"]
[SourceQuality "1"]

1. e4 c5 2. Nf3 Nc6 3. d4 cxd4 4. Nxd4 e5 5. Nb5 a6 6. Nd6+ Bxd6 7. Qxd6 Qf6 8. Qd1 Qg6 9. Nc3 Nf6 10. f3 d5 11. Nxd5 Nxd5 12. Qxd5 0-0 13. Be3 Be6 14. Qd2 Rfd8 15. Qf2 Rac8 16. a3 f5 17. Bd3 f4 18. Bb6 Rd7 19. 0-0-0 Nd4 20. Bxd4 Rxd4 21. g3 Qf7 22. Kb1 Rcd8 23. gxf4 Qxf4 24. Qg3 Qf6 25. Be2 Bf7 26. Rxd4 Rxd4 27. Qg4 Be6 28. Qg3 Rd2 29. Bd3 Qf4 30. Rf1 Rxh2 31. Qxf4 exf4 32. b3 h5 33. Kb2 h4 34. Rg1 h3 35. Rg5 Rf2 36. Re5 Bf7 37. Bc4 Bxc4 38. bxc4 Rxf3 39. Rh5 Rg3 40. e5 f3 41. e6 f2 42. e7 Re3 43. Rf5 h2 0-1

[Event "Montevideo Trebejos op 03"]
[Site "Montevideo"]
[Date "2022.03.11"]
[Round "2"]
[White "Mott, Juan"]
[Black "Bon, Charles"]
[Result "0-1"]
[WhiteElo "1181"]
[BlackElo "1570"]
[PlyCount "84"]
[EventDate "2022.03.07"]
[EventType "swiss"]
[EventRounds "6"]
[EventCountry "URU"]
[SourceTitle "EXT 2023"]
[Source "ChessBase"]
[SourceDate "2022.10.05"]
[SourceVersion "1"]
[SourceVersionDate "2022.10.05"]
[SourceQuality "1"]

1. e4 c5 2. Nf3 e6 3. c3 Nc6 4. d4 cxd4 5. cxd4 Be7 6. a3 d6 7. Nc3 a6 8. Bd3 Nf6 9. h3 0-0 10. Be3 b5 11. b4 Bb7 12. Rc1 Rc8 13. Bb1 Nb8 14. 0-0 Nbd7 15. Re1 Nb6 16. a4 Rxc3 17. Rxc3 Nxa4 18. Bd2 Nxc3 19. Bxc3 Qc7 20. Qd3 Qc4 21. Qe3 Rc8 22. Rc1 Qc7 23. Nh4 Qd8 24. Nf3 d5 25. Nd2 dxe4 26. Nxe4 Nxe4 27. Bxe4 Bxe4 28. Qxe4 Bxb4 29. Bb2 Rxc1+ 30. Bxc1 Qd5 31. Qf4 Bd6 32. Qd2 h6 33. Qa5 Qxd4 34. Qe1 Qe5 35. Qd2 Qd5 36. Qc2 Qc5 37. Qd1 a5 38. Be3 Qd5 39. Qc2 b4 40. g4 Qe5 41. Qd3 Qh2+ 42. Kf1 Qxh3+ 0-1

[Event "Montevideo Duchamp Cup 5th"]
[Site "Montevideo"]
[Date "2022.02.17"]
[Round "7"]
[White "De la Torre, Andres"]
[Black "Bon, Charles"]
[Result "1/2-1/2"]
[WhiteElo "1680"]
[BlackElo "1562"]
[PlyCount "70"]
[EventDate "2022.02.12"]
[EventType "swiss"]
[EventRounds "9"]
[EventCountry "URU"]
[SourceTitle "CBM 206 Extra"]
[Source "ChessBase"]
[SourceDate "2022.03.31"]
[SourceVersion "1"]
[SourceVersionDate "2022.03.31"]
[SourceQuality "1"]

1. Nf3 Nf6 2. g3 d5 3. Bg2 e6 4. d3 c5 5. 0-0 Nc6 6. Nbd2 Be7 7. Re1 b6 8. a3 Bb7 9. e4 Qc7 10. c3 h6 11. exd5 Nxd5 12. Nc4 0-0 13. Nce5 Nxe5 14. Nxe5 Rad8 15. Qf3 Ba8 16. Qe2 Bd6 17. Ng4 Ne7 18. Nxh6+ gxh6 19. Bxh6 Rfe8 20. Qg4+ Ng6 21. h4 Bf8 22. Bg5 Bg7 23. Bxd8 Rxd8 24. h5 Ne5 25. Rxe5 Qxe5 26. h6 Bxg2 27. Kxg2 Rxd3 28. hxg7 Qxg7 29. Qe4 Rd5 30. Re1 Rd2 31. Rh1 Rd5 32. c4 Rd8 33. Rh4 Kf8 34. Rh7 Qd4 35. Qb7 Qd7 1/2-1/2

[Event "Montevideo Duchamp Cup 5th"]
[Site "Montevideo"]
[Date "2022.02.15"]
[Round "5"]
[White "Riera, Pablo"]
[Black "Bon, Charles"]
[Result "0-1"]
[WhiteElo "1359"]
[BlackElo "1562"]
[PlyCount "68"]
[EventDate "2022.02.12"]
[EventType "swiss"]
[EventRounds "9"]
[EventCountry "URU"]
[SourceTitle "CBM 206 Extra"]
[Source "ChessBase"]
[SourceDate "2022.03.31"]
[SourceVersion "1"]
[SourceVersionDate "2022.03.31"]
[SourceQuality "1"]

1. e4 c5 2. Bc4 e6 3. f4 a6 4. a4 d5 5. exd5 exd5 6. Bb3 Nf6 7. d3 Nc6 8. Nc3 Be7 9. Nf3 0-0 10. 0-0 Re8 11. Ne5 Bf8 12. Nxc6 bxc6 13. h3 Qb6 14. Kh1 g6 15. Qf3 Bd7 16. Bd2 Bg7 17. Ne2 Nh5 18. Bc3 d4 19. Be1 Re3 20. Qf2 Rae8 21. Qh4 Rxe2 22. g4 Nf6 23. f5 Nd5 24. fxg6 hxg6 25. Bg3 Qd8 26. g5 Qc8 27. Bxd5 cxd5 28. Qf4 Bf5 29. h4 Be5 30. Qf3 Re3 31. Qxd5 Bxg3 32. h5 Qa8 33. Qxa8 Rxa8 34. hxg6 fxg6 0-1